কলিকাতায় বঙ্গবন্ধু / (Record no. 26020)

MARC details
000 -LEADER
fixed length control field 00870nam a22001937a 4500
003 - CONTROL NUMBER IDENTIFIER
control field BDDh-ASL
005 - DATE AND TIME OF LATEST TRANSACTION
control field 20231015030604.0
008 - FIXED-LENGTH DATA ELEMENTS--GENERAL INFORMATION
fixed length control field 210923s2020 b ||||| |||| 00| 0 b d
040 ## - CATALOGING SOURCE
Original cataloging agency BDDh-ASL
Transcribing agency BDDh-ASL
082 ## - DEWEY DECIMAL CLASSIFICATION NUMBER
Classification number 923.9141
Item number MOK
100 1# - MAIN ENTRY--PERSONAL NAME
Personal name মোর্শেদ, এস. এম. সারওয়ার
Titles and words associated with a name ড.
9 (RLIN) 4541
245 10 - TITLE STATEMENT
Title কলিকাতায় বঙ্গবন্ধু /
246 ## - VARYING FORM OF TITLE
Title proper/short title Kolikatay Bangobandhu by Dr. S. M. Sarwar Morshed
260 ## - PUBLICATION, DISTRIBUTION, ETC.
Place of publication, distribution, etc. ঢাকা:
Name of publisher, distributor, etc. পাললিক সৌরভ,
Date of publication, distribution, etc. 2020.
300 ## - PHYSICAL DESCRIPTION
Extent 136 p. :
Dimensions 22 cm.
650 #0 - SUBJECT ADDED ENTRY--TOPICAL TERM
9 (RLIN) 4442
Topical term or geographic name entry element বঙ্গবন্ধু (Bangabandhu) শেখ মুজিবুর রহমান (Sheikh Mujibur Rahman)
General subdivision মুক্তিযুদ্ধ (Muktijuddha) Liberation War
Geographic subdivision বাংলাদেশ (Bangladesh)
651 #0 - SUBJECT ADDED ENTRY--GEOGRAPHIC NAME
9 (RLIN) 2799
Geographic name Kolkata, India
942 ## - ADDED ENTRY ELEMENTS (KOHA)
Source of classification or shelving scheme Dewey Decimal Classification
Koha item type Books
Holdings
Withdrawn status Lost status Source of classification or shelving scheme Damaged status Not for loan Collection code Home library Current library Shelving location Date acquired Source of acquisition Total Checkouts Full call number Barcode Date last seen Copy number Price effective from Koha item type
    Dewey Decimal Classification     Non-fiction Asiatic Society Library Asiatic Society Library Bangabondhu Collection 09/23/2021 Complimentary   923.9141 MOK 111951 09/23/2021 C-1 09/23/2021 Books

Powered by Koha